00000000nam##2200000za#4500
0019.604280
003CaOODSP
00520210624211506
007cr |||||||||||
008150406|2006||||xxc|||||o    f|0| 0 fre|d
040 |aCaOODSP|bfre
043 |an-cn---
0861 |aTU3-5/06-35F-PDF
1102 |aBureau de la sécurité des transports du Canada.
24510|aCollision avec un obstacle pendant le décollage du de Havilland DHC-6 Twin Otter C-FIZD, exploité par Provincial Airlines Limited au quai du port de Goose Bay, Happy Valley Goose Bay (Terre-Neuve et Labrador), le 6 novembre 2006 |h[ressource électronique]
260 |aGatineau - Québec : |bBureau de la sécurité des transports du Canada |c2007.
300 |a10p.|bfigure
4901 |aRapport d'enquête aéronautique |vA06A0114
500 |a« Le Bureau a autorisé la publication du rapport le 18 octobre 2007 » --p.9.
590 |a12-33-Supp|b2012-07-18
77508|tCollision with obstacle during take-off - Provincial Airlines Limited de Havilland DHC-6 Twin Otter C-FIZD Port of Goose Bay Dock, Happy Valley, Goose Bay, Newfoundland and Labrador, 06 November 2006 |w(CaOODSP)9.574536
830#0|aRapport d'enquête aéronautique ;|vA06A0114|w(CaOODSP)9.501229
85640|ahttp://publications.gc.ca|qPDF|s480 Ko|uhttps://publications.gc.ca/collections/collection_2012/bst-tsb/TU3-5-06-35-fra.pdf|yA06A0114